University Home | Library Home | Institutional Repository

Illustrated genera of imperfect fungi. (Record no. 163350)

MARC details
000 -LEADER
fixed length control field 01027cam4a220030100 4500
001 - CONTROL NUMBER
control field lce00555447
008 - FIXED-LENGTH DATA ELEMENTS--GENERAL INFORMATION
fixed length control field 790713s1960 mnua b 000 0 eng
010 ## - LIBRARY OF CONGRESS CONTROL NUMBER
LC control number 60012998 /L/r85
035 ## - SYSTEM CONTROL NUMBER
System control number (Sirsi) r45192
035 ## - SYSTEM CONTROL NUMBER
System control number (DLC) 60012998 /L/r85
035 ## - SYSTEM CONTROL NUMBER
System control number (UPRA)lce00555447
040 ## - CATALOGING SOURCE
Modifying agency UPRA
050 0# - LIBRARY OF CONGRESS CALL NUMBER
Classification number QK625.A1
Item number B3 1960
082 ## - DEWEY DECIMAL CLASSIFICATION NUMBER
Classification number 589.24
100 1# - MAIN ENTRY--PERSONAL NAME
Personal name Barnett, H. L. (Horace Leslie), 1909-
Fuller form of name Barnett, H. L. (Horace Leslie), 1909-
Dates associated with a name Barnett, H. L. (Horace Leslie), 1909-
Linkage A2827.1
245 10 - TITLE STATEMENT
Title Illustrated genera of imperfect fungi.
250 ## - EDITION STATEMENT
Edition statement 2nd ed.
260 ## - PUBLICATION, DISTRIBUTION, ETC.
Place of publication, distribution, etc. Minneapolis :
Name of publisher, distributor, etc. Burgess Pub. Co.,
Date of publication, distribution, etc. [1960]
490 0# - SERIES STATEMENT
Series statement Burgess life science series: mycology
Linkage S1635.1
500 ## - GENERAL NOTE
General note Reprint of 1965.
504 ## - BIBLIOGRAPHY, ETC. NOTE
Bibliography, etc. note Includes bibliographical references.
650 #0 - SUBJECT ADDED ENTRY--TOPICAL TERM
Topical term or geographic name entry element Fungi imperfecti.
Linkage S1984.1
650 #0 - SUBJECT ADDED ENTRY--TOPICAL TERM
Topical term or geographic name entry element Fungi -- Identification.
General subdivision Fungi -- Identification.
Linkage S1985.1
740 0# - ADDED ENTRY--UNCONTROLLED RELATED/ANALYTICAL TITLE
Uncontrolled related/analytical title Imperfect fungi.
949 ## - LOCAL PROCESSING INFORMATION (OCLC)
a QK625.A1
w lcc
m MAIN
t BOOK
l ON-SHELF
987 ## - LOCAL ROMANIZATION/CONVERSION HISTORY (OCLC)
Romanization/conversion identifier WITHDRAWN.

No items available.

© 2026 - The University of Zambia Library - Koha v25.11